[Event "N1B"]
[Site "Lyon Olympique Echecs"]
[Date "2006.11.25"]
[Round "2.2"]
[White "Rahal, Michael"]
[Black "Velikov, Petar"]
[Result "1-0"]
[WhiteElo "2390"]
[BlackElo "2467"]
[PlyCount "89"]
[EventDate "2006.11.25"]
[WhiteTeam "Avignon"]

1. e4 c5 2. Nf3 e6 3. d4 cxd4 4. Nxd4 a6 5. Bd3 Qc7 6. O-O Nf6 7. Qe2 d6 8. c4
Nc6 9. Nxc6 bxc6 10. Nc3 c5 11. f4 Nd7 12. b3 Be7 13. Bb2 Bf6 14. e5 dxe5 15.
Ne4 exf4 16. Nxf6+ gxf6 17. Be4 Rb8 18. Qg4 e5 19. Qg7 Rf8 20. Rae1 Qd6 21. Rd1
Qe7 22. Rd2 Rb6 23. Rfd1 h5 24. Bc3 Qe6 25. Qh7 Qe7 26. Ba5 Re6 27. Qg7 f5 28.
Bxf5 e4 29. Bxe6 Qxe6 30. Qg5 f6 31. Qxf4 Rg8 32. Rd6 Qg4 33. Qxg4 hxg4 34.
Re6+ Kf7 35. Rxe4 f5 36. Ree1 Nf6 37. Re5 Ne4 38. Rd8 Rxd8 39. Bxd8 Be6 40. Kf1
Nc3 41. Rxc5 Nxa2 42. Bg5 Nb4 43. Ke2 Nc2 44. Kd2 Nd4 45. Kc3 1-0

[Event "N1B"]
[Site "Lyon Olympique Echecs"]
[Date "2006.11.25"]
[Round "2.3"]
[White "Peyrat, Olivier"]
[Black "Meynard, Thibault"]
[Result "0-1"]
[WhiteElo "2265"]
[BlackElo "2238"]
[PlyCount "80"]
[EventDate "2006.11.25"]
[WhiteTeam "Vincennes"]
[BlackTeam "Avignon"]

1. Nf3 d5 2. g3 Nf6 3. b3 Bf5 4. Bb2 Nc6 5. Bg2 e6 6. O-O h6 7. a3 a5 8. d4 Be7
9. Nbd2 O-O 10. c4 Ne4 11. Rc1 Bf6 12. e3 g5 13. Qe2 Bg7 14. Rfd1 Bg4 15. h3
Bh5 16. g4 Bg6 17. cxd5 exd5 18. Qb5 Rb8 19. Nf1 f5 20. N1h2 f4 21. Nf1 h5 22.
gxh5 Bxh5 23. N1h2 Qd6 24. Re1 fxe3 25. Rxe3 Ne7 26. Qxa5 b6 27. Qe1 Nf5 28.
Rxe4 dxe4 29. Qxe4 Rbe8 30. Qd3 Nh4 31. Nxh4 gxh4 32. Ng4 Kh8 33. Qb5 Bxg4 34.
hxg4 Qg6 35. f3 c5 36. Rd1 Qc2 37. Qd3 Qxb2 38. dxc5 bxc5 39. Qd5 Qe5 40. Qc6
h3 0-1

[Event "N1B"]
[Site "Lyon Olympique Echecs"]
[Date "2006.11.25"]
[Round "2.4"]
[White "Duquesnoy, Jean-Philippe"]
[Black "Fayard, Alain"]
[Result "0-1"]
[WhiteElo "2237"]
[BlackElo "2232"]
[PlyCount "80"]
[EventDate "2006.11.25"]
[WhiteTeam "Avignon"]

1. d4 Nf6 2. Bg5 d5 3. e3 Nbd7 4. c4 e6 5. Nc3 Bb4 6. Qb3 c5 7. Bd3 Qa5 8. Bf4
dxc4 9. Bxc4 b5 10. Bxe6 fxe6 11. Qxe6+ Kd8 12. Nge2 cxd4 13. O-O dxc3 14. Qc6
Rb8 15. bxc3 Ba3 16. Rad1 Qb6 17. Nd4 Rb7 18. Qf3 Ke8 19. e4 Nc5 20. c4 Bb2 21.
Nxb5 Bg4 22. Qg3 Ncxe4 23. Rde1 Re7 24. Qd3 Bd7 25. Be3 Qa5 26. Rb1 Be5 27. f3
a6 28. fxe4 axb5 29. cxb5 Kf7 30. a3 Rc8 31. Bd2 Qc7 32. g3 Be6 33. b6 Qc4 34.
Qxc4 Bxc4 35. Rfc1 Ba6 36. Rxc8 Bxc8 37. Rc1 Bd4+ 38. Kg2 Bb7 39. Bb4 Rxe4 40.
Rc7+ Re7+ 0-1

[Event "N1B"]
[Site "Lyon Olympique Echecs"]
[Date "2006.11.25"]
[Round "2.5"]
[White "Schabanel, Stephane"]
[Black "Pieroni, Guillaume"]
[Result "0-1"]
[WhiteElo "2298"]
[BlackElo "2189"]
[PlyCount "98"]
[EventDate "2006.11.25"]
[WhiteTeam "Vincennes"]
[BlackTeam "Avignon"]

1. e4 e6 2. Nc3 d5 3. d4 Bb4 4. e5 c5 5. a3 Bxc3+ 6. bxc3 Ne7 7. Qg4 Qc7 8.
Qxg7 Rg8 9. Qxh7 cxd4 10. Ne2 Nbc6 11. f4 Bd7 12. Qd3 dxc3 13. Rb1 Rc8 14. Qxc3
Nf5 15. g3 b6 16. Bh3 Ncd4 17. Qxc7 Rxc7 18. Bxf5 Nxf5 19. c3 Ba4 20. Rb2 Ke7
21. Kf2 Rc4 22. Rb4 b5 23. Be3 Rc7 24. h3 Rgc8 25. g4 Nxe3 26. Kxe3 Rxc3+ 27.
Nxc3 Rxc3+ 28. Kd4 Rxa3 29. h4 Rf3 30. h5 Kf8 31. Kc5 a5 32. Rd4 b4 33. h6 Kg8
34. Ra1 Bc2 35. Rxa5 b3 36. Rb5 Rc3+ 37. Kb4 Rh3 38. Rb8+ Kh7 39. Ka3 Rxh6 40.
Rb7 Kg7 41. Rd2 Rh1 42. Rf2 Re1 43. f5 exf5 44. gxf5 Rxe5 45. f6+ Kg6 46. Rb6
d4 47. Rxb3 Bxb3 48. Kxb3 Rc5 49. Rf4 d3 0-1

[Event "N1B"]
[Site "Lyon Olympique Echecs"]
[Date "2006.11.25"]
[Round "2.6"]
[White "Salus, Stephane"]
[Black "Jablonski, Noham"]
[Result "1/2-1/2"]
[WhiteElo "2223"]
[BlackElo "2251"]
[PlyCount "23"]
[EventDate "2006.11.25"]
[WhiteTeam "Avignon"]

1. d4 d5 2. c4 e6 3. cxd5 exd5 4. Nc3 Bb4 5. Nf3 Nf6 6. Bg5 Nbd7 7. e3 c5 8.
Bd3 c4 9. Bf5 Qa5 10. Qc2 O-O 11. O-O Re8 12. Nd2 $11 1/2-1/2

[Event "N1B"]
[Site "Lyon Olympique Echecs"]
[Date "2006.11.25"]
[Round "2.7"]
[White "Nemirovski, Serge"]
[Black "Clement, Olivier"]
[Result "1-0"]
[WhiteElo "2276"]
[BlackElo "2121"]
[PlyCount "81"]
[EventDate "2006.11.25"]
[WhiteTeam "Vincennes"]
[BlackTeam "Avignon"]

1. d4 Nf6 2. Nf3 c5 3. d5 e6 4. c4 exd5 5. cxd5 d6 6. Nc3 g6 7. e4 a6 8. a4 Bg7
9. Be2 Bg4 10. O-O O-O 11. Bf4 Bxf3 12. Bxf3 Re8 13. Qc2 Qc7 14. h3 Nbd7 15.
Be2 Rab8 16. Bh2 g5 17. f4 gxf4 18. Rxf4 Ne5 19. Raf1 Qe7 20. Rf5 Ng6 21. Bd3
Rf8 22. Qf2 Nxe4 23. Nxe4 Bd4 24. Qxd4 cxd4 25. Bxd6 Qd8 26. Bxb8 Qxb8 27. Nf6+
Kg7 28. Nd7 Qe8 29. Nxf8 Nxf8 30. Rxf7+ Qxf7 31. Rxf7+ Kxf7 32. Bf5 a5 33. d6
Ng6 34. Bxg6+ hxg6 35. h4 Ke6 36. g4 Kxd6 37. h5 gxh5 38. gxh5 Ke6 39. Kf2 Kf5
40. Ke2 Kg5 41. Kd3 1-0

[Event "N1B"]
[Site "Lyon Olympique Echecs"]
[Date "2006.11.25"]
[Round "2.8"]
[White "Bomba, Melody"]
[Black "Bonvalot, Isabelle"]
[Result "0-1"]
[WhiteElo "1860"]
[BlackElo "1946"]
[PlyCount "96"]
[EventDate "2006.11.25"]
[WhiteTeam "Avignon"]

1. d4 f5 2. c4 g6 3. Nf3 Nf6 4. Nc3 Bg7 5. Bf4 d6 6. e3 Nh5 7. Bg3 Nxg3 8. hxg3
Nd7 9. Ng5 Nf6 10. Qa4+ c6 11. O-O-O h6 12. Nf3 Ng4 13. Qc2 e6 14. d5 exd5 15.
cxd5 c5 16. Nh4 Qf6 17. Bd3 Bd7 18. Rhe1 O-O 19. f4 $11 a6 20. Nf3 b5 21. e4 c4
22. Bf1 b4 23. e5 $11 dxe5 24. fxe5 Qb6 25. Na4 Qa5 26. b3 cxb3 27. axb3 Bxa4
28. bxa4 Rfc8 29. Bc4 Qc5 30. d6+ Qxc4 31. Qxc4+ Rxc4+ 32. Kb1 Re4 33. e6 Kf8
34. Nh4 Ne5 35. Rf1 Bf6 36. Rd5 Bxh4 37. gxh4 Ng4 38. Rd3 Rxe6 39. h5 Ne3 40.
Re1 f4 41. g3 g5 42. gxf4 gxf4 43. Re2 Rd8 44. Rf2 Re4 45. Re2 Rd7 46. a5 Kf7
47. Re1 Re6 48. Rd4 Nf5 0-1

[Event "N1B"]
[Site "Lyon Olympique Echecs"]
[Date "2006.11.25"]
[Round "2.1"]
[White "Forthofer, Robert"]
[Black "Sulava, Nenad"]
[Result "0-1"]
[WhiteElo "2250"]
[BlackElo "2512"]
[PlyCount "86"]
[EventDate "2006.11.25"]
[WhiteTeam "Reims Echecs Mat"]
[BlackTeam "Hyères"]

1. e4 c5 2. Nf3 e6 3. d4 cxd4 4. Nxd4 a6 5. Nc3 b5 6. Bd3 Qb6 7. Nb3 Qc7 8. O-O
Bb7 9. Re1 Bd6 10. Qh5 Nc6 11. Bg5 g6 12. Qh4 h6 13. f4 hxg5 14. Qxh8 O-O-O 15.
e5 Be7 16. fxg5 Bxg5 17. Ne4 Nh6 18. Nd6+ Kb8 19. Qg7 Qb6+ 20. Kh1 Ng4 21. Re2
Ncxe5 22. Nxb7 Bf6 23. Qxf6 Nxf6 24. Nxd8 Nfg4 25. h3 Qxd8 26. hxg4 Qh4+ 27.
Kg1 Nxg4 28. g3 Qxg3+ 29. Rg2 Qe3+ 30. Kh1 f5 31. Rf1 Qh3+ 32. Kg1 Ne3 33. Rxg6
Nxf1 34. Bxf1 Qe3+ 35. Kh1 f4 36. c3 Qf2 37. Bg2 f3 38. Bh3 Qe1+ 39. Rg1 Qh4
40. Kh2 Qf4+ 41. Kh1 f2 42. Rg8+ Kc7 43. Bf1 Qe4+ 0-1

[Event "N1B"]
[Site "Lyon Olympique Echecs"]
[Date "2006.11.25"]
[Round "2.2"]
[White "Ninov, Nikolai"]
[Black "Oudot, Jean-Baptiste"]
[Result "1-0"]
[WhiteElo "2500"]
[BlackElo "2111"]
[PlyCount "67"]
[EventDate "2006.11.25"]
[WhiteTeam "Hyères"]

1. e4 c5 2. Nf3 Nc6 3. d4 cxd4 4. Nxd4 Nf6 5. Nc3 e5 6. Ndb5 d6 7. Bg5 a6 8.
Na3 b5 9. Bxf6 gxf6 10. Nd5 f5 11. exf5 Bxf5 12. Bd3 Be6 13. Be4 Rc8 14. c3 Bg7
15. Qd3 Ne7 16. Nxe7 Qxe7 17. Nc2 d5 18. Bxd5 Bxd5 19. Qxd5 O-O 20. Ne3 Qg5 21.
O-O Rcd8 22. Qb3 Rd2 23. Rad1 Rfd8 24. Rxd2 Rxd2 25. Rd1 Qd8 26. Qc2 Rxd1+ 27.
Qxd1 Qf6 28. Qd7 Bf8 29. Qg4+ Qg6 30. g3 Kh8 31. Qf5 Qg7 32. Ng4 Bd6 33. Nf6
Be7 34. Nh5 1-0

[Event "N1B"]
[Site "Lyon Olympique Echecs"]
[Date "2006.11.25"]
[Round "2.3"]
[White "Camus, Berenger"]
[Black "Leski, Marc"]
[Result "1/2-1/2"]
[WhiteElo "2166"]
[BlackElo "2400"]
[PlyCount "28"]
[EventDate "2006.11.25"]
[WhiteTeam "Reims Echecs Mat"]
[BlackTeam "Hyères"]

1. d4 d5 2. c4 e6 3. Nc3 c5 4. cxd5 exd5 5. Nf3 Nc6 6. g3 Nf6 7. Bg2 Be7 8. O-O
O-O 9. Bg5 cxd4 10. Nxd4 Re8 11. e3 Be6 12. Qb3 Nxd4 13. exd4 Ne4 14. Bxe7 Rxe7
$11 1/2-1/2

[Event "N1B"]
[Site "Lyon Olympique Echecs"]
[Date "2006.11.25"]
[Round "2.4"]
[White "Marholev, Dimitar"]
[Black "Minet, Steve"]
[Result "1/2-1/2"]
[WhiteElo "2391"]
[BlackElo "2180"]
[PlyCount "48"]
[EventDate "2006.11.25"]
[WhiteTeam "Hyères"]

1. e4 e6 2. d4 c5 3. Nf3 cxd4 4. Nxd4 Bc5 5. Nb3 Bb6 6. c4 Ne7 7. Nc3 O-O 8. c5
Bc7 9. Nb5 b6 10. Nxc7 Qxc7 11. Be3 Bb7 12. Bd3 f5 13. cxb6 axb6 14. exf5 Bxg2
15. Rg1 Qxh2 16. Kd2 exf5 17. Qe2 Be4 18. f3 Qxe2+ 19. Bxe2 Bd5 20. Bxb6 Nbc6
21. Bc5 Rf6 22. Nc1 $11 d6 23. Bf2 Ne5 24. f4 Nf3+ 1/2-1/2

[Event "N1B"]
[Site "Lyon Olympique Echecs"]
[Date "2006.11.25"]
[Round "2.5"]
[White "Laval, Brice"]
[Black "Langevin, Philippe"]
[Result "1-0"]
[WhiteElo "2175"]
[BlackElo "2216"]
[PlyCount "119"]
[EventDate "2006.11.25"]
[WhiteTeam "Reims Echecs Mat"]
[BlackTeam "Hyères"]

1. e4 c5 2. Nf3 d6 3. Nc3 Nc6 4. d4 cxd4 5. Nxd4 Nf6 6. Be3 g6 7. Qd2 Bg7 8. f3
O-O 9. O-O-O Nxd4 10. Bxd4 Be6 11. Kb1 Qc7 12. g4 Rfc8 13. h4 Qa5 14. Nd5 Qxd2
15. Nxf6+ Bxf6 16. Rxd2 Bxd4 17. Rxd4 Rc5 18. Be2 Rac8 19. Bd1 h6 20. f4 f6 21.
c3 Kg7 22. Rg1 g5 23. f5 Bc4 24. h5 Kf8 25. Bb3 b5 26. Kc2 Ke8 27. Kd2 Bxb3 28.
axb3 Kd7 29. Ra1 R5c7 30. Ra6 Rb8 31. Ke3 Rb6 32. Ra5 a6 33. Rd1 Rcc6 34. Raa1
Kc7 35. Kd4 Rc5 36. b4 Re5 37. Ke3 e6 38. fxe6 Rxe6 39. Rd5 Kd7 40. Kd4 Rc6 41.
b3 Re8 42. Rf5 Ke6 43. Raf1 Rf8 44. c4 bxc4 45. bxc4 Rb6 46. b5 axb5 47. cxb5
Ke7 48. Kc4 Ra8 49. Kb4 Rab8 50. Ra1 R8b7 51. Ra8 Kf7 52. Ka5 d5 53. Rxd5 Re6
54. Rd4 Re5 55. Rb4 Rbe7 56. Rc8 Rxe4 57. Rxe4 Rxe4 58. b6 Rxg4 59. b7 Rg1 60.
Rc4 1-0

[Event "N1B"]
[Site "Lyon Olympique Echecs"]
[Date "2006.11.25"]
[Round "2.6"]
[White "Garro, Pierre"]
[Black "Alirached, Fodil"]
[Result "1-0"]
[WhiteElo "2182"]
[BlackElo "1978"]
[PlyCount "57"]
[EventDate "2006.11.25"]
[WhiteTeam "Hyères"]

1. e4 c5 2. Nf3 Nf6 3. e5 Nd5 4. Nc3 Nxc3 5. dxc3 e6 6. Bg5 Be7 7. Bxe7 Qxe7 8.
Be2 O-O 9. O-O f6 10. Qd2 Nc6 11. exf6 Qxf6 12. Qd6 Qe7 13. Qg3 e5 14. Bc4+ Kh8
15. Rad1 d6 16. Qg5 Rf6 17. Qh4 Bf5 18. Rd2 Qf8 19. Ng5 Nd8 20. Bd5 Rh6 21. Qg3
Rg6 22. Qe3 Qf6 23. f4 h6 24. Ne4 Qh4 25. fxe5 Rg4 26. Rxf5 dxe5 27. Rf8+ Kh7
28. Nf2 Rg5 29. Be4+ 1-0

[Event "N1B"]
[Site "Lyon Olympique Echecs"]
[Date "2006.11.25"]
[Round "2.7"]
[White "Gozillon, Matthieu"]
[Black "Comte, Frederic"]
[Result "0-1"]
[WhiteElo "1905"]
[BlackElo "2173"]
[PlyCount "84"]
[EventDate "2006.11.25"]
[WhiteTeam "Reims Echecs Mat"]
[BlackTeam "Hyères"]

1. e4 c5 2. c4 Nc6 3. Nf3 d6 4. d3 g6 5. Nc3 Bg7 6. Bd2 Bg4 7. h3 Bxf3 8. Qxf3
e6 9. Qd1 Nge7 10. Rb1 O-O 11. Be2 Nd4 12. O-O a6 13. a4 Nec6 14. Na2 b5 15.
Nc1 Rb8 16. Bc3 bxc4 17. dxc4 Nf3+ 18. Bxf3 Bxc3 19. Nd3 Bg7 20. Qd2 Nd4 21.
Qd1 Qa5 22. Re1 Rb3 23. Be2 Qxa4 24. Ra1 Qc6 25. Bf1 Rfb8 26. f4 e5 27. g3 R8b6
28. Bg2 Qd7 29. Rf1 exf4 30. gxf4 Qe7 31. Qg4 Nc2 32. Rae1 Nxe1 33. Rxe1 Bxb2
34. e5 Bd4+ 35. Kh1 Rb1 36. Qe2 dxe5 37. fxe5 Rxe1+ 38. Qxe1 Qe6 39. Qf1 Qxc4
40. Qf3 Rb1+ 41. Bf1 Rxf1+ 42. Qxf1 Qd5+ 0-1

[Event "N1B"]
[Site "Lyon Olympique Echecs"]
[Date "2006.11.25"]
[Round "2.8"]
[White "Macarry, Elodie"]
[Black "Desanlis, Anne-Sophie"]
[Result "0-1"]
[WhiteElo "1921"]
[BlackElo "1912"]
[PlyCount "46"]
[EventDate "2006.11.25"]
[WhiteTeam "Hyères"]

1. e4 c5 2. Nc3 Nc6 3. f4 e6 4. Nf3 Nge7 5. Bc4 g6 6. O-O Bg7 7. d3 O-O 8. Qe1
d5 9. Bb3 b6 10. Qg3 dxe4 11. Nxe4 Nf5 12. Qe1 Bb7 13. g4 Nfd4 14. Nfg5 Nxb3
15. axb3 h6 16. Nh3 Nd4 17. Qf2 f5 18. gxf5 exf5 19. Nc3 Nf3+ 20. Kg2 Nd2+ 21.
Kg3 Bf6 22. Ng5 Nxf1+ 23. Qxf1 hxg5 0-1

[Event "ch N1B"]
[Site "Cannes"]
[Date "10.12.06"]
[Round "4.1"]
[White "Sanchez, Joseph"]
[Black "Rahal, Michael"]
[Result "1/2-1/2"]
[WhiteElo "2492"]
[BlackElo "2390"]
[PlyCount "161"]
[EventDate "10.12.06"]
[WhiteTeam "Cannes II"]
[BlackTeam "Avignon"]

1. e4 e6 2. d4 d5 3. Nc3 Bb4 4. e5 Ne7 5. a3 Bxc3+ 6. bxc3 c5 7. Qg4 Qc7 8.
Qxg7 Rg8 9. Qxh7 cxd4 10. Ne2 Nbc6 11. f4 Bd7 12. Qd3 dxc3 13. Nxc3 Na5 14. Rb1
a6 15. h4 Nf5 16. Rh3 O-O-O 17. Bd2 Nc4 18. Ne2 Bb5 19. a4 Bxa4 20. Nd4 Nxd4
21. Qxd4 Nxd2 22. Qxd2 d4 23. Rb4 Bc6 24. Rxd4 Rxd4 25. Qxd4 Qa5+ 26. Qc3 Qd5
27. Re3 Rh8 28. g3 Kb8 29. Qd2 Qh1 30. Rd3 Rc8 31. Rc3 Ka8 32. Qe3 Rg8 33. Qe2
Rd8 34. Rd3 Rc8 35. c4 Rg8 36. h5 Qg1 37. Qf2 Qh1 38. g4 Qe4+ 39. Be2 Qh1+ 40.
Kd2 Qb1 41. Qd4 Rc8 42. g5 Bd5 43. Rc3 Qb2+ 44. Ke3 Qa1 45. Kf2 Bc6 46. h6 Qh1
47. Rd3 a5 48. Qe3 Qg2+ 49. Ke1 a4 50. Qg3 Qe4 51. Rd8 Qh1+ 52. Kf2 Qc1 53. Rd1
Qb2 54. Qd3 Qb4 55. Rb1 Qa5 56. Rd1 Qb6+ 57. Qd4 Qa5 58. h7 Rh8 59. Bd3 Rd8 60.
Be4 Rh8 61. Bxc6 bxc6 62. Qd6 Qb6+ 63. Kf1 Kb7 64. Qd7+ Ka6 65. Rd6 Ka5 66.
Rxc6 Qb1+ 67. Kf2 Qc2+ 68. Kg3 Rxh7 69. Ra6+ Kb4 70. Qb7+ Ka3 71. Qf3+ Ka2 72.
Qg2 Qxg2+ 73. Kxg2 Kb3 74. c5 Rh8 75. c6 a3 76. Kf3 a2 77. c7 Rc8 78. Rb6+ Kc2
79. Rc6+ Kb2 80. Rb6+ Kc2 81. Rc6+ 1/2-1/2

[Event "ch N1B"]
[Site "Cannes"]
[Date "10.12.06"]
[Round "4.2"]
[White "Gervasio, Ricardo"]
[Black "Anic, Darko"]
[Result "1/2-1/2"]
[WhiteElo "2292"]
[BlackElo "2460"]
[PlyCount "37"]
[EventDate "10.12.06"]
[WhiteTeam "Avignon"]
[BlackTeam "Cannes II"]

1. e4 e5 2. Nf3 Nc6 3. Bc4 Nf6 4. Qe2 Be7 5. O-O O-O 6. d3 d6 7. c3 a6 8. a4
Nd7 9. Be3 Bf6 10. Nbd2 Ne7 11. Ng5 Nb6 12. Bb3 Bxg5 13. Bxg5 h6 14. Bxe7 Qxe7
15. a5 Nd7 16. f4 Nf6 17. f5 Bd7 18. Kh1 Bc6 19. c4 $11 1/2-1/2

[Event "ch N1B"]
[Site "Cannes"]
[Date "10.12.06"]
[Round "4.3"]
[White "Parmentier, Xavier"]
[Black "Duquesnoy, Jean-Philippe"]
[Result "1/2-1/2"]
[WhiteElo "2284"]
[BlackElo "2237"]
[PlyCount "53"]
[EventDate "10.12.06"]
[WhiteTeam "Cannes II"]
[BlackTeam "Avignon"]

1. Nf3 Nf6 2. c4 g6 3. Nc3 d5 4. cxd5 Nxd5 5. Qa4+ Bd7 6. Qh4 Nxc3 7. dxc3 Nc6
8. e4 e5 9. Bg5 Be7 10. Bc4 h6 11. Bxe7 Qxe7 12. Rd1 Qxh4 13. Nxh4 Rf8 14. O-O
Na5 15. Be2 Be6 16. Nf3 f6 17. Nh4 Kf7 18. Rd2 Rad8 19. Rfd1 Nc6 20. Kf1 Rxd2
21. Rxd2 Rd8 22. Rxd8 Nxd8 23. a3 Bb3 24. Nf3 Ke7 25. Nd2 Bc2 26. g3 Ne6 27. b4
$11 1/2-1/2

[Event "ch N1B"]
[Site "Cannes"]
[Date "10.12.06"]
[Round "4.4"]
[White "Meynard, Thibault"]
[Black "Vuillermoz, Robert"]
[Result "1-0"]
[WhiteElo "2238"]
[BlackElo "2107"]
[PlyCount "73"]
[EventDate "10.12.06"]
[WhiteTeam "Avignon"]
[BlackTeam "Cannes II"]

1. d4 d5 2. c4 c6 3. Nc3 Nf6 4. e3 e6 5. Nf3 Nbd7 6. Qc2 Bd6 7. g4 Nxg4 8. Rg1
f5 9. h3 Ngf6 10. Rxg7 Ne4 11. Bd2 Qf6 12. Rg2 Nf8 13. O-O-O Ng6 14. Bd3 Bd7
15. Rdg1 Bc7 16. Ne5 Nxe5 17. Rg8+ Kf7 18. R8g7+ Qxg7 19. Rxg7+ Kxg7 20. dxe5
Nxd2 21. Kxd2 Bxe5 22. Qb3 b6 23. Qa3 Kf7 24. f4 Bc7 25. Be2 Rhg8 26. Bh5+ Kf6
27. cxd5 Rg2+ 28. Ne2 c5 29. Bf3 Rf2 30. Qc3+ e5 31. d6 Bxd6 32. Qd3 Rxf3 33.
Qxd6+ Be6 34. fxe5+ Kf7 35. Nf4 Re8 36. Nxe6 Rf2+ 37. Ke1 1-0

[Event "ch N1B"]
[Site "Cannes"]
[Date "10.12.06"]
[Round "4.5"]
[White "Delabaca, Romuald"]
[Black "Salus, Stephane"]
[Result "1/2-1/2"]
[WhiteElo "2172"]
[BlackElo "2223"]
[PlyCount "43"]
[EventDate "10.12.06"]
[WhiteTeam "Cannes II"]
[BlackTeam "Avignon"]

1. e4 Nf6 2. e5 Nd5 3. d4 d6 4. c4 Nb6 5. exd6 cxd6 6. Nc3 g6 7. Be3 Bg7 8. Rc1
O-O 9. b3 e5 10. dxe5 dxe5 11. Qxd8 Rxd8 12. c5 N6d7 13. Bc4 Nc6 14. Nf3 Nd4
15. Ng5 Rf8 16. Nce4 Nf5 17. Bd2 Nf6 18. O-O Nxe4 19. Nxe4 Bd7 20. Bc3 Bc6 21.
Rfe1 Rad8 22. h3 $11 1/2-1/2

[Event "ch N1B"]
[Site "Cannes"]
[Date "10.12.06"]
[Round "4.6"]
[White "Pieroni, Guillaume"]
[Black "Marino, Olivier"]
[Result "1/2-1/2"]
[WhiteElo "2189"]
[BlackElo "2125"]
[PlyCount "48"]
[EventDate "10.12.06"]
[WhiteTeam "Avignon"]
[BlackTeam "Cannes II"]

1. e4 c6 2. d4 d5 3. exd5 cxd5 4. Bd3 Nc6 5. c3 Nf6 6. Nf3 g6 7. O-O Bg7 8. Re1
O-O 9. Bg5 a6 10. Nbd2 b5 11. a3 Bg4 12. h3 Bxf3 13. Nxf3 Qb6 14. Qd2 Ra7 15.
Ne5 Na5 16. Qe2 Nc4 17. Rab1 Nd6 18. Bxf6 Bxf6 19. Qf3 Qb7 20. Re2 Bg7 21. Rbe1
e6 22. Qg3 Nc4 23. Ng4 Qc7 24. Qf3 Qd8 1/2-1/2

[Event "ch N1B"]
[Site "Cannes"]
[Date "10.12.06"]
[Round "4.7"]
[White "Kerbrat, Julien"]
[Black "Valles, Manuel"]
[Result "1-0"]
[WhiteElo "2172"]
[BlackElo "2080"]
[PlyCount "61"]
[EventDate "10.12.06"]
[WhiteTeam "Cannes II"]
[BlackTeam "Avignon"]

1. e4 c5 2. Nf3 Nc6 3. Bb5 g6 4. O-O Bg7 5. c3 Nf6 6. Re1 O-O 7. d4 cxd4 8.
cxd4 d5 9. exd5 Nxd5 10. Bxc6 bxc6 11. Ne5 Bf5 12. Na3 Rc8 13. b3 c5 14. Bb2
cxd4 15. Qxd4 Nb6 16. Rad1 Qxd4 17. Bxd4 Be6 18. Nb5 Rfd8 19. Nxa7 Rxd4 20.
Nxc8 Rxd1 21. Rxd1 Nxc8 22. Rd8+ Bf8 23. a4 f6 24. Nc4 Kf7 25. a5 Bh6 26. g3
Na7 27. Ra8 Nc6 28. a6 Bxc4 29. bxc4 Bd2 30. Rc8 Na7 31. Rc7 1-0

[Event "ch N1B"]
[Site "Cannes"]
[Date "10.12.06"]
[Round "4.8"]
[White "Bomba, Melody"]
[Black "Verot, Melanie"]
[Result "0-1"]
[WhiteElo "1860"]
[BlackElo "2082"]
[PlyCount "61"]
[EventDate "10.12.06"]
[WhiteTeam "Avignon"]
[BlackTeam "Cannes II"]

1. d4 d5 2. c4 e6 3. Nc3 c5 4. Nf3 Nc6 5. cxd5 exd5 6. Bf4 Nf6 7. e3 c4 8. Be2
Bd6 9. Bg5 Be7 10. O-O Bf5 11. Ne5 O-O 12. Bf3 $11 Be6 13. Rc1 Rc8 14. Be2 h6
15. Bh4 Nd7 16. Bxe7 Nxe7 17. f4 Nf5 18. Rf3 Nxe5 19. fxe5 Qd7 20. Qd2 Rfd8 21.
Rcf1 $11 h5 22. Rf4 g6 23. e4 dxe4 24. Nxe4 Qxd4+ 25. Qxd4 Nxd4 26. Bf3 Nf5 27.
Nf6+ Kg7 28. Bxb7 Rb8 29. Ba6 Rxb2 30. Bxc4 Bxc4 31. Rxc4 0-1

[Event "ch N1B"]
[Site "Hyères"]
[Date "10.12.06"]
[Round "4.1"]
[White "Howell Wl, David"]
[Black "Ninov, Nikolai"]
[Result "1/2-1/2"]
[WhiteElo "2471"]
[BlackElo "2500"]
[PlyCount "195"]
[EventDate "10.12.06"]
[WhiteTeam "Marseille Duchamps"]
[BlackTeam "Hyères"]

1. e4 c5 2. c3 d5 3. exd5 Qxd5 4. d4 Nf6 5. Nf3 Bg4 6. dxc5 Qxd1+ 7. Kxd1 e5 8.
b4 e4 9. h3 Bh5 10. g4 Nxg4 11. hxg4 Bxg4 12. Nbd2 h5 13. Kc2 exf3 14. Bd3 Nc6
15. Re1+ Be6 16. Nxf3 a5 17. Rxe6+ fxe6 18. b5 Ne7 19. Ne5 Nf5 20. c6 bxc6 21.
b6 Rb8 22. Rb1 Bc5 23. b7 Nd6 24. Bg6+ Kd8 25. Nxc6+ Kc7 26. Nxb8 Rxb8 27. Bxh5
Rxb7 $11 28. Rxb7+ Kxb7 29. f4 Kc7 30. Kb3 Ne4 31. Bg6 Nd6 32. Bh7 Bf2 33. Bd2
Kc6 34. c4 Kc5 35. Bxa5 Nxc4 36. Bb4+ Kd5 37. Bc3 Be3 38. f5 Nd6 39. fxe6 Kxe6
40. Bxg7 Kd5 41. Bc3 Kc6 42. Bd3 Kb6 43. Be1 Bc5 44. Be2 Nf5 45. Ka4 Nd4 46.
Ba5+ Ka7 47. Bf1 Kb7 48. Bg2+ Ka6 49. Bd8 Ne6 50. Ba5 Nd4 51. Bd5 Ka7 52. Bc7
Ne2 53. Ba5 Nd4 54. Bf7 Ka6 55. Be8 Bd6 56. Bd7 Kb7 57. Bc3 Bc5 58. Ka5 Bb6+
59. Kb4 Kc7 60. Be8 Nc2+ 61. Kc4 Ne3+ 62. Kb5 Kb7 63. Bc6+ Ka7 64. Be4 Ng4 65.
a4 Nh6 66. Bg6 Ng8 67. Be5 Ne7 68. Be4 Bf2 69. a5 Be3 70. Bd6 Nc8 71. Bc7 Ne7
72. Bd8 Nc8 73. Kc6 Bf4 74. Bf6 Ka6 75. Bc3 Na7+ 76. Kd7 Bg3 77. Bd3+ Kb7 78.
Bd4 Bf4 79. Bf2 Bh2 80. Bc5 Bg3 81. a6+ Kb8 82. Be4 Bf4 83. Bb7 Bg3 84. Ke6 Bh2
85. Kd5 Bg3 86. Be3 Bh2 87. Kc5 Bg3 88. Be4 Bh2 89. Kd5 Bg3 90. Bf5 Bh2 91. Ke6
Bg3 92. Bc5 Bf4 93. Be4 Bg3 94. Bb7 Bh2 95. Bd6+ Bxd6 96. Kxd6 Nb5+ 97. Kc6 Nc7
98. a7+ 1/2-1/2

[Event "ch N1B"]
[Site "Hyères"]
[Date "10.12.06"]
[Round "4.2"]
[White "Sulava, Nenad"]
[Black "Renet, Olivier"]
[Result "1/2-1/2"]
[WhiteElo "2512"]
[BlackElo "2512"]
[PlyCount "61"]
[EventDate "10.12.06"]
[WhiteTeam "Hyères"]
[BlackTeam "Marseille Duchamps"]

1. d4 Nf6 2. Nf3 d5 3. c4 e6 4. Nc3 Bb4 5. cxd5 exd5 6. Bg5 h6 7. Bh4 g5 8. Bg3
Ne4 9. Nd2 Nxc3 10. bxc3 Bxc3 11. Rc1 Bb2 12. Rxc7 Na6 13. Rc2 Bxd4 14. e3 Bg7
15. Bxa6 bxa6 16. O-O O-O 17. Nb3 Be6 18. Rc6 Re8 19. Nd4 Qa5 20. Qd3 Qa4 21.
Qxa6 Qxa6 22. Rxa6 Rac8 23. Rxa7 Ra8 24. Rxa8 Rxa8 25. Ra1 Ra4 26. h3 h5 27.
Rd1 Rxa2 $11 28. h4 gxh4 29. Bxh4 Ra4 30. Bg3 Bxd4 31. Rxd4 1/2-1/2

[Event "ch N1B"]
[Site "Hyères"]
[Date "10.12.06"]
[Round "4.3"]
[White "Kosten, Anthony C"]
[Black "Marholev, Dimitar"]
[Result "1/2-1/2"]
[WhiteElo "2542"]
[BlackElo "2391"]
[PlyCount "62"]
[EventDate "10.12.06"]
[WhiteTeam "Marseille Duchamps"]
[BlackTeam "Hyères"]

1. e4 e5 2. Nf3 Nc6 3. Bb5 a6 4. Ba4 Nf6 5. O-O Be7 6. Re1 b5 7. Bb3 d6 8. c3
O-O 9. d4 Bg4 10. Be3 Qd7 11. h3 Bh5 12. dxe5 Bxf3 13. Qxf3 Nxe5 14. Qe2 c5 15.
Nd2 Rfe8 16. Rad1 Qc6 17. f4 Ned7 18. Qf3 Bf8 19. Bf2 Rac8 20. Bh4 c4 21. Bc2
g6 22. Kh1 Bg7 23. Re2 Nc5 24. Rde1 Nfd7 25. Nf1 a5 26. Rd2 b4 27. Ng3 b3 28.
axb3 cxb3 29. Bb1 Nb6 30. Qf1 d5 31. Rde2 dxe4 $11 1/2-1/2

[Event "ch N1B"]
[Site "Hyères"]
[Date "10.12.06"]
[Round "4.4"]
[White "Leski, Marc"]
[Black "Boudre, Jean-Pierre"]
[Result "1/2-1/2"]
[WhiteElo "2400"]
[BlackElo "2324"]
[PlyCount "83"]
[EventDate "10.12.06"]
[WhiteTeam "Hyères"]
[BlackTeam "Marseille Duchamps"]

1. Nf3 d5 2. g3 Bg4 3. Bg2 Nd7 4. c4 e6 5. cxd5 exd5 6. Nc3 c6 7. O-O Bc5 8. d4
Be7 9. e4 dxe4 10. Nxe4 Ngf6 11. Nxf6+ Nxf6 12. Qb3 Bxf3 13. Bxf3 Qd7 14. Bg5
O-O 15. Bxf6 Bxf6 16. d5 c5 17. Rab1 b5 18. Rfe1 Rab8 19. Kg2 g6 20. h4 h5 21.
Re3 Kg7 22. Rbe1 Rfd8 23. Be4 Re8 24. Qc2 Qd6 25. b3 Rbc8 26. Qd1 c4 27. g4
hxg4 28. Qxg4 Rh8 29. h5 Rcg8 30. hxg6 Rh6 31. Rg3 fxg6 32. Rh1 Rgh8 33. Qxg6+
Rxg6 34. Rxg6+ Kf7 35. Rxh8 Qf4 36. Rh7+ Kf8 37. Bf3 Qf5 38. Rgh6 Bg7 39. Rh4
Qg6+ 40. Kf1 Qd3+ 41. Kg2 Qg6+ 42. Kf1 $11 1/2-1/2